[Event "IV Campeonato de EspaÃ±a de Ajedrez por Equipos de
[Site "Gran Hotel Bali, Benidorm"]
[Date "2011.12.08"]
[Round "2"]
[Board "3"]
[White "Rios Rebollo, Victor"]
[Black "Simon Escalona, Jorge"]
[Result "1-0"]
[WhiteElo "1848"]
[BlackElo "1809"]
[PlyCount "0"]
[EventDate "2011.12.07"]
[EventType "team"]
[EventRounds "6"]
[EventCountry "ESP"]
[WhiteTeam "C.DEPORTIVO VALLECAS"]
[BlackTeam "C NUESTRO AJEDREZ EN EUROPA - VILLAFRANC"]

1. d4 Nf6 2. c4 g6 3. Nc3 Bg7 4. e4 d6 5. f3 O-O 6. Be3 c5 7. dxc5 dxc5 8. Qxd8
Rxd8 9. Bxc5 Nc6 10. Rc1 Nd7 11. Be3 Nde5 12. a3 Be6 13. Nd5 Rac8 14. Be2 Kf8
15. b4 Nd7 16. f4 Bb2 17. Rb1 Bd4 18. Kf2 Nf6 19. Nxf6 Bxf6 20. Nf3 Nd4 21.
Nxd4 Bxd4 22. c5 Ba2 23. Rbd1 Bb2 24. Bc1 Bd4+ 25. Kf3 Bb3 26. Rd2 a6 27. Bd1
Bc4 28. Bc2 Bc3 29. Rxd8+ Rxd8 30. Rd1 Rxd1 31. Bxd1 Ke8 32. Ke3 Kd7 33. Be2
Be6 34. Kd3 Bg7 35. Kc2 Kc7 36. Bb2 Bxb2 37. Kxb2 Bd7 38. Kc3 Bc6 39. Kd4 Kd7
40. Bc4 e6 41. g4 f6 42. g5 Ke7 43. h4 Bd7 44. Bd3 Bc6 45. Bc2 Bd7 46. a4 Bc6
47. Kc4 f5 48. exf5 exf5 49. b5 axb5+ 50. axb5 Be8 51. Bd3 Ke6 52. Kd4 Kd7 53.
Bc4 Ke7 54. Ke5 Bd7 55. Bd5 Bxb5 56. Bxb7 Kd7 57. Bd5 Ke7 58. Bb7 Ba4 59. c6
Kf7 60. Kd6 Bxc6 61. Bxc6 Kg7 62. Ke7 Kg8 63. Kf6 Kh8 64. Be8 Kg8 65. Bxg6 1-0

[Event "IV Campeonato de EspaÃ±a de Ajedrez por Equipos de
[Site "Gran Hotel Bali, Benidorm"]
[Date "2011.12.08"]
[Round "2"]
[Board "4"]
[White "Vela Horcajada, Jose Angel"]
[Black "Ballesteros Galvez, Daniel"]
[Result "1-0"]
[WhiteElo "1578"]
[BlackElo "1748"]
[PlyCount "0"]
[EventDate "2011.12.07"]
[EventType "team"]
[EventRounds "6"]
[EventCountry "ESP"]
[WhiteTeam "C NUESTRO AJEDREZ EN EUROPA - VILLAFRANC"]
[BlackTeam "C.DEPORTIVO VALLECAS"]

1. d4 d5 2. c4 e6 3. Nc3 Nf6 4. Nf3 c6 5. Bg5 Nbd7 6. e3 Be7 7. Bd3 h6 8. Bh4
dxc4 9. Bxc4 Nd5 10. Bxe7 Qxe7 11. O-O O-O 12. e4 Nxc3 13. bxc3 b6 14. Re1 Bb7
15. Bb3 c5 16. d5 exd5 17. exd5 Qd6 18. Qd3 Rfe8 19. Bc2 g6 20. c4 Ne5 21. Qc3
Nxf3+ 22. Qxf3 a6 23. Ba4 b5 24. cxb5 Rxe1+ 25. Rxe1 axb5 26. Bxb5 Bxd5 27. Qd3
Qb6 28. Qxd5 Rd8 29. Qb3 Qa5 30. Rf1 Rd4 31. a4 Rb4 32. Qe3 Qc7 33. Qxh6 Qe7
34. Qd2 Re4 35. f3 Rd4 36. Qc3 Qd6 37. Qe3 c4 38. g3 Rd3 39. Qe8+ Kg7 40. Kg2
Rd2+ 41. Rf2 c3 42. Qe1 Qd4 43. Rxd2 cxd2 44. Qd1 Qe3 45. Qe2 Qc3 46. Qd1 Qe3
47. a5 Qc5 48. Ba4 Qxa5 49. Bc2 Qc3 50. Kf2 Qd4+ 51. Ke2 Qe5+ 52. Kxd2 Qd4+ 53.
Ke2 Qe5+ 54. Kf2 Qc5+ 55. Kg2 Qc3 56. Bd3 Qd4 57. Be2 Qc3 58. f4 Qc6+ 59. Bf3
Qc3 60. Qd5 Qc2+ 61. Kh3 Qc8+ 62. Bg4 Qh8+ 63. Kg2 Qf8 64. f5 Qa3 65. fxg6 Qb2+
66. Kh3 fxg6 67. Qd7+ Kh6 68. Qe6 Qf2 69. Qe2 Qf6 70. Kg2 Qc6+ 71. Bf3 Qc5 72.
h4 Qc3 73. Kf2 Qc7 74. Qe3+ Kh7 75. Be4 Qf7+ 76. Qf4 Qa2+ 77. Kf3 Qb3+ 78. Kg4
Qd1+ 79. Kh3 Qe1 80. Qf7+ Kh8 81. Qe8+ Kg7 82. Qxg6+ Kf8 83. Qf5+ Kg7 84. Bd5
Qg1 85. h5 Qb6 86. Qg6+ Qxg6 87. hxg6 Kxg6 88. Kg4 Kf6 89. Kf4 Kg6 90. g4 Kf6
91. g5+ Kg7 92. Kf5 Kh8 93. Ke4 1-0

[Event "IV Campeonato de EspaÃ±a de Ajedrez por Equipos de
[Site "Gran Hotel Bali, Benidorm"]
[Date "2011.12.08"]
[Round "3"]
[Board "1"]
[White "Talavera Garcia, Santiago"]
[Black "Montoliu Cervero, Francisco"]
[Result "1/2-1/2"]
[WhiteElo "1982"]
[BlackElo "2159"]
[PlyCount "0"]
[EventDate "2011.12.07"]
[EventType "team"]
[EventRounds "6"]
[EventCountry "ESP"]
[WhiteTeam "C NUESTRO AJEDREZ EN EUROPA - VILLAFRANC"]
[BlackTeam "CLUB AJEDREZ EVA-Manises"]

1. e4 c5 2. Nf3 d6 3. d4 cxd4 4. Nxd4 Nf6 5. Nc3 g6 6. Be3 Bg7 7. f3 O-O 8. Qd2
Nc6 9. O-O-O d5 10. Kb1 Rb8 11. Ndb5 a6 12. Na7 e6 13. g4 Qc7 14. g5 d4 15. Bf4
e5 16. gxf6 dxc3 17. Qxc3 Bxf6 18. Bh6 Re8 19. Bxa6 Be6 20. Nxc6 bxc6 21. Bc4
c5 22. Bxe6 Rxe6 23. Rd5 Reb6 24. b3 c4 25. Rhd1 Rc6 26. Qa5 cxb3 27. cxb3 Qc8
28. Rd7 Rc5 29. Qa7 Ra8 30. Qb7 Qxb7 31. Rxb7 Bg7 32. Bxg7 Kxg7 33. Rdd7 Rf8
34. a4 g5 35. Rd5 Rc3 36. Rxe5 Rxf3 37. Rxg5+ Kh6 38. Rg2 Re3 39. a5 Ra8 40. b4
Rd8 41. a6 Ra3 42. Rb6+ Kh5 43. Rg3 Ra4 44. Kb2 Rd2+ 45. Kb3 Rda2 46. b5 R2a3+
47. Kc2 Ra2+ 48. Kd3 R2a3+ 49. Kd2 Ra2+ 50. Ke3 f5 51. exf5 R2a3+ 52. Kf2 Ra2+
53. Kf3 R2a3+ 54. Kg2 Ra2+ 55. Kh1 Rb4 56. Rb7 h6 57. Rbg7 Rb1+ 58. Rg1 Rxb5
59. R7g3 Kh4 60. Rg6 Kh5 61. R6g3 Kh4 62. f6 Rf5 63. Rg6 Kh5 64. R6g3 Kh4 65.
Rg6 Kh5 66. a7 Rff2 67. R6g2 Rxg2 68. Rxg2 Rxa7 69. Rg7 Ra6 70. f7 Rf6 71. Kg2
Rf5 72. Kg3 1/2-1/2

[Event "IV Campeonato de EspaÃ±a de Ajedrez por Equipos de
[Site "Gran Hotel Bali, Benidorm"]
[Date "2011.12.08"]
[Round "3"]
[Board "2"]
[White "Silva Rodriguez, Julio"]
[Black "Piriz Fernandez, Daniel"]
[Result "1-0"]
[WhiteElo "2095"]
[BlackElo "1947"]
[PlyCount "0"]
[EventDate "2011.12.07"]
[EventType "team"]
[EventRounds "6"]
[EventCountry "ESP"]
[WhiteTeam "CLUB AJEDREZ EVA-Manises"]
[BlackTeam "C NUESTRO AJEDREZ EN EUROPA - VILLAFRANC"]

1. e4 e6 2. d4 d5 3. Nd2 Nf6 4. e5 Nfd7 5. f4 c5 6. Ngf3 Nc6 7. Nb3 Qb6 8. c3
cxd4 9. Nfxd4 Nc5 10. Be2 Nxb3 11. Nxb3 Bd7 12. Qd3 a6 13. Be3 Qc7 14. a4 Rc8
15. O-O Be7 16. a5 Qb8 17. Bb6 Na7 18. Qe3 Nb5 19. Nc5 Bxc5 20. Bxc5 Rxc5 21.
Qxc5 Qa7 22. Qxa7 Nxa7 23. c4 dxc4 24. Bxc4 Ke7 25. Rfd1 Rc8 26. Bd3 Bc6 27.
Rac1 Rc7 28. Be2 Rd7 29. Rxd7+ Kxd7 30. Kf2 f6 31. Bc4 Nb5 32. Bxb5 Bxb5 33.
Ke3 f5 34. Kd4 Bc6 35. Kc5 Kc7 36. Rg1 g6 37. g4 fxg4 38. Rxg4 Be4 39. Rh4 h5
40. Rh3 Bf5 41. Rg3 Be4 42. Kd4 Bf5 43. Rc3+ Kd7 44. Ke3 Kd8 45. Kf3 h4 46. Ke3
Kd7 47. Kd4 Kd8 48. Kc5 Kc7 49. Rc1 Bg4 50. Rg1 Bf5 51. Rg5 h3 52. Rg3 1-0

[Event "IV Campeonato de EspaÃ±a de Ajedrez por Equipos de
[Site "Gran Hotel Bali, Benidorm"]
[Date "2011.12.08"]
[Round "3"]
[Board "3"]
[White "Simon Escalona, Jorge"]
[Black "Ballester Llagaria, Luis Eduardo"]
[Result "0-1"]
[WhiteElo "1809"]
[BlackElo "2138"]
[PlyCount "0"]
[EventDate "2011.12.07"]
[EventType "team"]
[EventRounds "6"]
[EventCountry "ESP"]
[WhiteTeam "C NUESTRO AJEDREZ EN EUROPA - VILLAFRANC"]
[BlackTeam "CLUB AJEDREZ EVA-Manises"]

1. e4 c5 2. Nf3 e6 3. d4 cxd4 4. Nxd4 Nc6 5. Nc3 a6 6. Be3 Nf6 7. f3 Bb4 8. Qd2
d5 9. a3 Bd6 10. exd5 exd5 11. Bd3 O-O 12. O-O-O Ne5 13. g4 Nxd3+ 14. Qxd3 Be6
15. h4 Qc7 16. Rhg1 Nd7 17. Rdf1 Ne5 18. Qd2 Nc4 19. Nxe6 fxe6 20. Qd3 Nxe3 21.
Rf2 Qc4 22. Qxc4 Nxc4 23. Re2 Rae8 24. Rge1 Bg3 25. Rh1 Bf4+ 26. Kb1 Nd2+ 27.
Ka2 Nxf3 0-1

[Event "IV Campeonato de EspaÃ±a de Ajedrez por Equipos de
[Site "Gran Hotel Bali, Benidorm"]
[Date "2011.12.08"]
[Round "3"]
[Board "4"]
[White "Nieves Cabanes, Javier"]
[Black "Valencia De Loma, Sergio"]
[Result "1-0"]
[WhiteElo "1925"]
[BlackElo "1709"]
[PlyCount "0"]
[EventDate "2011.12.07"]
[EventType "team"]
[EventRounds "6"]
[EventCountry "ESP"]
[WhiteTeam "CLUB AJEDREZ EVA-Manises"]
[BlackTeam "C NUESTRO AJEDREZ EN EUROPA - VILLAFRANC"]

1. d4 Nf6 2. c4 e5 3. dxe5 Ng4 4. Bf4 Bb4+ 5. Nd2 Nc6 6. Ngf3 Qe7 7. a3 Bxd2+
8. Qxd2 Ngxe5 9. e3 Nxf3+ 10. gxf3 Ne5 11. Qd5 d6 12. Be2 Ng6 13. Bg3 Rb8 14.
Rd1 Bd7 15. Qd4 O-O 16. c5 Qf6 17. Qxf6 gxf6 18. cxd6 c5 19. h4 Ne5 20. Bf4 Kh8
21. e4 Rbd8 22. Bd2 b6 23. f4 Nc6 24. Bc3 Nd4 25. Rg1 Nc2+ 26. Kd2 Nd4 27. Ke3
Nc2+ 28. Kf3 Nd4+ 29. Rxd4 cxd4 30. Bxd4 Bg4+ 31. Rxg4 Rxd6 32. Ke3 Rg8 33. e5
Re6 34. f5 Ree8 35. e6 Rxg4 36. Bxg4 Kg7 37. Bh5 Re7 38. Bxf7 Rb7 39. Ke4 h6
40. Kd5 1-0

[Event "IV Campeonato de EspaÃ±a de Ajedrez por Equipos de
[Site "Gran Hotel Bali, Benidorm"]
[Date "2011.12.08"]
[Round "3"]
[Board "1"]
[White "Shen, Yue"]
[Black "Tallo Dominguez, Imar"]
[Result "1-0"]
[WhiteElo "2081"]
[BlackElo "2164"]
[PlyCount "0"]
[EventDate "2011.12.07"]
[EventType "team"]
[EventRounds "6"]
[EventCountry "ESP"]
[WhiteTeam "C.A. LA BALANGUERA"]
[BlackTeam "SOCITAT CORAL COLON SABADELL"]

1. d4 Nf6 2. Nf3 b6 3. g3 Bb7 4. Bg2 e6 5. c4 Be7 6. O-O O-O 7. d5 exd5 8. Nh4
c6 9. cxd5 Nxd5 10. Nf5 Bc5 11. e4 Ne7 12. Nd6 Ba6 13. Re1 Nc8 14. Nf5 Ne7 15.
Nd6 Qc7 16. e5 Ng6 17. Bf4 Qd8 18. Nc3 Bxd6 19. Qxd6 Bc4 20. Bd2 Na6 21. f4 Be6
22. Rf1 Ne7 23. Ne4 Nc7 24. h3 h5 25. Qd3 Bf5 26. g4 hxg4 27. hxg4 Bh7 28. f5
Ned5 29. Qh3 1-0

[Event "IV Campeonato de EspaÃ±a de Ajedrez por Equipos de
[Site "Gran Hotel Bali, Benidorm"]
[Date "2011.12.08"]
[Round "3"]
[Board "3"]
[White "Ponce Cano, Adrian"]
[Black "Jareno Badenas, Aleix"]
[Result "1/2-1/2"]
[WhiteElo "1892"]
[BlackElo "1980"]
[PlyCount "0"]
[EventDate "2011.12.07"]
[EventType "team"]
[EventRounds "6"]
[EventCountry "ESP"]
[WhiteTeam "C.A. LA BALANGUERA"]
[BlackTeam "SOCITAT CORAL COLON SABADELL"]

1. e4 e6 2. Nf3 d5 3. exd5 Qxd5 4. Nc3 Qd8 5. d4 Bb4 6. Bd3 Nf6 7. Bg5 Nbd7 8.
Qe2 O-O 9. O-O Bxc3 10. bxc3 c5 11. Ne5 Qa5 12. Nxd7 Nxd7 13. Qe4 g6 14. Rad1
c4 15. Bh6 cxd3 16. Bxf8 dxc2 17. Qxc2 Kxf8 18. d5 exd5 19. c4 dxc4 20. Rfe1
Nf6 21. Qxc4 Be6 22. Qd4 Kg7 23. Qb2 Qb6 24. Qd2 Rc8 25. Rb1 Qa6 26. Rb2 b6 27.
h3 Qc4 28. Qd1 Qc3 29. Rbe2 Nd5 30. Qa4 Rc7 31. Qh4 Qf6 32. Qg3 Qf4 33. Qa3 Qb4
34. Qg3 1/2-1/2

[Event "IV Campeonato de EspaÃ±a de Ajedrez por Equipos de
[Site "Gran Hotel Bali, Benidorm"]
[Date "2011.12.08"]
[Round "3"]
[Board "4"]
[White "Martinez Perez, Pablo"]
[Black "Jimenez Vado, Yvan"]
[Result "1-0"]
[WhiteElo "1505"]
[BlackElo "1676"]
[PlyCount "0"]
[EventDate "2011.12.07"]
[EventType "team"]
[EventRounds "6"]
[EventCountry "ESP"]
[WhiteTeam "SOCITAT CORAL COLON SABADELL"]
[BlackTeam "C.A. LA BALANGUERA"]

1. d4 Nf6 2. Nc3 d5 3. Bg5 e6 4. e4 Be7 5. e5 Nfd7 6. Bxe7 Qxe7 7. Nf3 a6 8.
Bd3 c5 9. dxc5 Nc6 10. Qe2 Nxc5 11. O-O b5 12. a3 Bb7 13. b4 Nd7 14. Rad1 O-O
15. Qe3 Rfc8 16. Ne2 Nf8 17. Ned4 Nxd4 18. Nxd4 Rc7 19. Nb3 Nd7 20. f4 g6 21.
Qg3 Kh8 22. Qg4 Rg8 23. Rf3 Rg7 24. Rdf1 Nb6 25. Rh3 Nc4 26. Bxc4 dxc4 27. Nc5
Rxc5 28. bxc5 Qxc5+ 29. Kh1 Qd5 30. Rd1 Qe4 31. Qg5 h5 32. Qh6+ 1-0

[Event "IV Campeonato de EspaÃ±a de Ajedrez por Equipos de
[Site "Gran Hotel Bali, Benidorm"]
[Date "2011.12.08"]
[Round "3"]
[Board "1"]
[White "Pozanco Romasanta, Marc"]
[Black "Tejedor Fuentes, Enrique"]
[Result "0-1"]
[WhiteElo "1940"]
[BlackElo "2225"]
[PlyCount "0"]
[EventDate "2011.12.07"]
[EventType "team"]
[EventRounds "6"]
[EventCountry "ESP"]
[WhiteTeam "C. PENYA ESCACS CERDANYOLA"]
[BlackTeam "CLUB AJEDREZ SOLVAY"]

1. d4 Nf6 2. c4 e6 3. Nc3 Bb4 4. e3 b6 5. Nge2 Bb7 6. a3 Bxc3+ 7. Nxc3 O-O 8.
Qc2 d6 9. e4 Nbd7 10. Be2 h6 11. O-O e5 12. d5 Qe7 13. Be3 Kh7 14. b4 g6 15. f3
Nh5 16. Qd2 Rg8 17. g4 Nf4 18. Bxf4 exf4 19. Qxf4 Raf8 20. Kh1 a6 21. Rae1 Qh4
22. Qg3 Qd8 23. h4 g5 24. h5 Ne5 25. c5 Qf6 26. c6 Bc8 27. Nd1 Re8 28. Ne3 Re7
29. Nc4 Nxc4 30. Bxc4 Qc3 31. Rc1 Qxa3 32. Ra1 Qc3 33. Rfc1 Qxb4 34. Bxa6 Bxa6
35. Rxa6 Qd2 36. Rca1 Qc3 37. Qf2 Rge8 38. R6a3 Qf6 39. Qc2 Qe5 40. Kg2 Kg8 41.
Qc3 Qf4 42. Ra8 f6 43. R8a3 Kf7 44. Qe3 Qe5 45. Qc3 Qf4 46. Qe3 Rxe4 47. fxe4
Qxg4+ 48. Qg3 Qe2+ 49. Qf2 Qxe4+ 50. Rf3 g4 51. Ra7 gxf3+ 52. Qxf3 Rg8+ 53. Kf2
Qc2+ 54. Ke3 Qc3+ 55. Kf2 Qc2+ 56. Ke3 Re8+ 57. Kf4 Qd2+ 0-1

[Event "IV Campeonato de EspaÃ±a de Ajedrez por Equipos de
[Site "Gran Hotel Bali, Benidorm"]
[Date "2011.12.08"]
[Round "3"]
[Board "2"]
[White "Buiza Prieto, Aizbeltz"]
[Black "Norte Garcia, Andrea"]
[Result "1-0"]
[WhiteElo "1936"]
[BlackElo "1920"]
[PlyCount "0"]
[EventDate "2011.12.07"]
[EventType "team"]
[EventRounds "6"]
[EventCountry "ESP"]
[WhiteTeam "CLUB AJEDREZ SOLVAY"]
[BlackTeam "C. PENYA ESCACS CERDANYOLA"]

1. e4 c5 2. Nf3 e6 3. d4 cxd4 4. Nxd4 a6 5. Be2 Nf6 6. Nc3 Qc7 7. O-O Nc6 8.
Be3 Bb4 9. Na4 Be7 10. Nxc6 bxc6 11. Nb6 Rb8 12. Nxc8 Qxc8 13. e5 Nd5 14. Bc1
O-O 15. c4 Nb6 16. Bd3 Qc7 17. Qe2 d6 18. Bf4 Nd7 19. exd6 Bxd6 20. Bxh7+ Kh8
21. Bxd6 Qxd6 22. Rad1 Qe5 23. Qf3 Nf6 24. Bb1 Rxb2 25. Rfe1 Qc5 26. Qf4 Rfb8
27. Bd3 Re8 28. Re3 Kg8 29. g4 Qe7 30. g5 Nh5 31. Qh4 g6 32. Be2 Qf8 33. Bxh5
gxh5 34. Qxh5 Qg7 35. Rf3 Rxa2 36. Kg2 Ra5 37. h4 Rf8 38. Qg4 f5 39. Qd4 e5 40.
Qb6 e4 41. Re3 Qe5 42. Qxc6 Qf4 43. Qg6+ Kh8 44. Rd7 1-0

[Event "IV Campeonato de EspaÃ±a de Ajedrez por Equipos de
[Site "Gran Hotel Bali, Benidorm"]
[Date "2011.12.08"]
[Round "3"]
[Board "3"]
[White "Garcia Acosta, Roger"]
[Black "Buiza Prieto, Eihartze"]
[Result "1-0"]
[WhiteElo "1896"]
[BlackElo "1703"]
[PlyCount "0"]
[EventDate "2011.12.07"]
[EventType "team"]
[EventRounds "6"]
[EventCountry "ESP"]
[WhiteTeam "C. PENYA ESCACS CERDANYOLA"]
[BlackTeam "CLUB AJEDREZ SOLVAY"]

1. e4 c5 2. Nf3 e6 3. d4 cxd4 4. Nxd4 Nf6 5. Nc3 Nc6 6. Ndb5 d6 7. Bf4 e5 8.
Bg5 a6 9. Na3 b5 10. Nd5 Be7 11. Bxf6 Bxf6 12. c3 Bg5 13. Bd3 Ne7 14. O-O Nxd5
15. exd5 O-O 16. Nc2 f5 17. Nb4 Bb7 18. a4 Qd7 19. axb5 axb5 20. Qe2 Qf7 21.
Bxb5 Qg6 22. Bc6 Bxc6 23. dxc6 Rxa1 24. Rxa1 f4 25. f3 Bd8 26. Qc4+ 1-0

[Event "IV Campeonato de EspaÃ±a de Ajedrez por Equipos de
[Site "Gran Hotel Bali, Benidorm"]
[Date "2011.12.08"]
[Round "3"]
[Board "4"]
[White "Tejedor Fuente, Marina"]
[Black "Garcia Playa, David"]
[Result "0-1"]
[WhiteElo "1516"]
[BlackElo "1821"]
[PlyCount "0"]
[EventDate "2011.12.07"]
[EventType "team"]
[EventRounds "6"]
[EventCountry "ESP"]
[WhiteTeam "CLUB AJEDREZ SOLVAY"]
[BlackTeam "C. PENYA ESCACS CERDANYOLA"]

1. e4 c5 2. b3 Nc6 3. Bb2 d6 4. Bb5 Bd7 5. Bxc6 Bxc6 6. d3 e5 7. Ne2 Ne7 8. Nd2
g6 9. O-O f5 10. f4 Bg7 11. fxe5 dxe5 12. Ng3 f4 13. Nh1 O-O 14. Nf3 Qd6 15.
Nf2 h5 16. Qe1 Bd7 17. Qe2 a5 18. a4 Bf6 19. h4 Be6 20. Ba3 Nc6 21. Bb2 Qe7 22.
Rab1 Bf7 23. Ba3 b6 24. Nh3 Bxh4 25. Nxh4 Qxh4 26. Qf2 Qg4 27. Qf3 Nd4 28. Qf2
g5 29. Rfe1 f3 30. Re3 Be6 31. Rb2 fxg2 32. Qxg2 Nf3+ 33. Kh1 Qxh3+ 34. Qxh3
Bxh3 35. c3 g4 36. Rf2 h4 0-1

[Event "IV Campeonato de EspaÃ±a de Ajedrez por Equipos de
[Site "Gran Hotel Bali, Benidorm"]
[Date "2011.12.09"]
[Round "4"]
[Board "1"]
[White "Montoliu Cervero, Francisco"]
[Black "Tallo Dominguez, Imar"]
[Result "1-0"]
[WhiteElo "2159"]
[BlackElo "2164"]
[PlyCount "0"]
[EventDate "2011.12.07"]
[EventType "team"]
[EventRounds "6"]
[EventCountry "ESP"]
[WhiteTeam "CLUB AJEDREZ EVA-Manises"]
[BlackTeam "SOCITAT CORAL COLON SABADELL"]

1. e4 c6 2. d4 d5 3. Nc3 dxe4 4. Nxe4 Bf5 5. Ng3 Bg6 6. Nf3 Nd7 7. h4 h6 8. h5
Bh7 9. Bd3 Bxd3 10. Qxd3 e6 11. Bd2 Ngf6 12. O-O-O Be7 13. Qe2 O-O 14. Kb1 c5
15. Ne4 cxd4 16. Nxd4 Qb6 17. Nb3 a5 18. Be3 Qc7 19. Nxf6+ Nxf6 20. a3 a4 21.
Nc1 Nd5 22. Bd4 Rfc8 23. Na2 b5 24. c3 Qc4 25. Qd3 Ra6 26. g4 Rd6 27. Qxc4 Rxc4
28. f3 Rd8 29. Nc1 f6 30. Rhe1 Kf7 31. Kc2 e5 32. Bg1 Ke6 33. Ne2 Kf7 34. Ng3
b4 35. axb4 Nxb4+ 36. Kb1 Nd3 37. Re3 Nc5 38. Rxd8 Bxd8 39. Ne4 Nxe4 40. Rxe4
Rxe4 41. fxe4 g6 42. Be3 f5 43. hxg6+ Kxg6 44. exf5+ Kg7 45. c4 h5 46. gxh5 Kf6
47. h6 Kxf5 48. Kc2 Ke4 49. Kd2 Kf3 50. h7 Bf6 51. c5 1-0

[Event "IV Campeonato de EspaÃ±a de Ajedrez por Equipos de
[Site "Gran Hotel Bali, Benidorm"]
[Date "2011.12.09"]
[Round "4"]
[Board "2"]
[White "Diaz Camallonga, Carles"]
[Black "Silva Rodriguez, Julio"]
[Result "1/2-1/2"]
[WhiteElo "2025"]
[BlackElo "2095"]
[PlyCount "0"]
[EventDate "2011.12.07"]
[EventType "team"]
[EventRounds "6"]
[EventCountry "ESP"]
[WhiteTeam "SOCITAT CORAL COLON SABADELL"]
[BlackTeam "CLUB AJEDREZ EVA-Manises"]

1. e4 e6 2. d4 d5 3. Nc3 Bb4 4. e5 c5 5. a3 Bxc3+ 6. bxc3 Qa5 7. Bd2 Qa4 8. Nf3
c4 9. g3 Nc6 10. h4 Bd7 11. Qb1 O-O-O 12. Qb2 Nge7 13. Rb1 b6 14. h5 h6 15. Rh2
Rdf8 16. Be2 Ng8 17. Nh4 Nge7 18. f4 f5 19. g4 fxg4 20. Rg2 Rhg8 21. Bxg4 g6
22. hxg6 Nxg6 23. Nxg6 Rxg6 24. Ke2 Rfg8 25. Rbg1 Ne7 26. Bf3 Rxg2+ 27. Rxg2
Rxg2+ 28. Bxg2 Be8 29. Bh3 Qd7 30. Qb4 Bg6 31. Kd1 Kb7 32. Bg2 Qc7 33. Be1 a5
34. Qb2 Nf5 35. Bf2 Bh5+ 36. Ke1 Qg7 37. Qb5 Qxg2 38. Qd7+ Ka6 39. Qc8+ Ka7 40.
Qc7+ Ka6 1/2-1/2

[Event "IV Campeonato de EspaÃ±a de Ajedrez por Equipos de
[Site "Gran Hotel Bali, Benidorm"]
[Date "2011.12.09"]
[Round "4"]
[Board "3"]
[White "Ballester Llagaria, Luis Eduardo"]
[Black "Jareno Badenas, Aleix"]
[Result "1-0"]
[WhiteElo "2138"]
[BlackElo "1980"]
[PlyCount "0"]
[EventDate "2011.12.07"]
[EventType "team"]
[EventRounds "6"]
[EventCountry "ESP"]
[WhiteTeam "CLUB AJEDREZ EVA-Manises"]
[BlackTeam "SOCITAT CORAL COLON SABADELL"]

1. e4 e6 2. d4 d5 3. Nd2 Nf6 4. e5 Nfd7 5. f4 c5 6. Ngf3 Nc6 7. Nb3 c4 8. Nbd2
b5 9. Be2 Qb6 10. Nf1 f6 11. Ne3 Be7 12. O-O fxe5 13. fxe5 O-O 14. c3 b4 15.
Qe1 a5 16. Bd1 a4 17. a3 bxa3 18. bxa3 Na5 19. Bc2 Nb3 20. Rb1 Qa5 21. Bb2 Nb6
22. Qg3 Bd7 23. Qh3 g6 24. Qh6 Rf7 25. Ng5 Bxg5 26. Qxg5 Raf8 27. Ng4 Rxf1+ 28.
Rxf1 Rxf1+ 29. Kxf1 Nxd4 30. Qe7 1-0

[Event "IV Campeonato de EspaÃ±a de Ajedrez por Equipos de
[Site "Gran Hotel Bali, Benidorm"]
[Date "2011.12.09"]
[Round "4"]
[Board "1"]
[White "Tejedor Fuentes, Enrique"]
[Black "Shen, Yue"]
[Result "1-0"]
[WhiteElo "2225"]
[BlackElo "2081"]
[PlyCount "0"]
[EventDate "2011.12.07"]
[EventType "team"]
[EventRounds "6"]
[EventCountry "ESP"]
[WhiteTeam "CLUB AJEDREZ SOLVAY"]
[BlackTeam "C.A. LA BALANGUERA"]

1. e4 c5 2. Nc3 d6 3. g3 g6 4. Bg2 Bg7 5. d3 Nc6 6. Be3 e6 7. Qd2 Rb8 8. f4
Nge7 9. Nf3 Nd4 10. Nh4 Qa5 11. O-O f5 12. Qf2 b5 13. a3 O-O 14. h3 Qc7 15. Qd2
b4 16. Nd1 Bd7 17. Bf2 Rb5 18. g4 Qa5 19. a4 b3 20. c3 Nc2 21. Ne3 Nxa1 22.
axb5 Qa4 23. exf5 exf5 24. gxf5 gxf5 25. Nc4 Nc8 26. Bd5+ Kh8 27. Qe2 Nc2 28.
Kh2 Qxb5 29. Rg1 Rf6 30. Na3 Nxa3 31. Bd4 Rg6 32. Nxg6+ hxg6 33. Rxg6 1-0

[Event "IV Campeonato de EspaÃ±a de Ajedrez por Equipos de
[Site "Gran Hotel Bali, Benidorm"]
[Date "2011.12.09"]
[Round "4"]
[Board "2"]
[White "Sanchez Garcia, Julio"]
[Black "Buiza Prieto, Aizbeltz"]
[Result "0-1"]
[WhiteElo "2070"]
[BlackElo "1936"]
[PlyCount "0"]
[EventDate "2011.12.07"]
[EventType "team"]
[EventRounds "6"]
[EventCountry "ESP"]
[WhiteTeam "C.A. LA BALANGUERA"]
[BlackTeam "CLUB AJEDREZ SOLVAY"]

1. d4 d5 2. c4 e6 3. Nc3 Be7 4. Nf3 Nf6 5. Bg5 O-O 6. e3 h6 7. Bh4 Ne4 8. Bxe7
Qxe7 9. Bd3 Nxc3 10. bxc3 dxc4 11. Bxc4 Nd7 12. O-O b6 13. e4 Bb7 14. Re1 c5
15. d5 e5 16. a4 Qd6 17. Qd3 Rfc8 18. Nh4 g6 19. Re3 a6 20. Rf1 b5 21. axb5
axb5 22. Bxb5 Ba6 23. Bxa6 Rxa6 24. c4 Rb8 25. Qe2 Rb4 26. f4 Raa4 27. f5 g5
28. f6 gxh4 29. Qh5 Kf8 30. Qxh4 Ke8 31. Qxh6 Rxc4 32. Qh7 Nf8 33. Qf5 Kd8 34.
h4 Kc7 35. Qh5 Ng6 36. Qh7 Qd7 37. h5 Nf4 38. Rf2 Rc1+ 39. Kh2 Raa1 40. Kg3 Rh1
41. Rxf4 exf4+ 42. Kxf4 Rh4+ 0-1

[Event "IV Campeonato de EspaÃ±a de Ajedrez por Equipos de
[Site "Gran Hotel Bali, Benidorm"]
[Date "2011.12.09"]
[Round "4"]
[Board "3"]
[White "Buiza Prieto, Eihartze"]
[Black "Ponce Cano, Adrian"]
[Result "0-1"]
[WhiteElo "1703"]
[BlackElo "1892"]
[PlyCount "0"]
[EventDate "2011.12.07"]
[EventType "team"]
[EventRounds "6"]
[EventCountry "ESP"]
[WhiteTeam "CLUB AJEDREZ SOLVAY"]
[BlackTeam "C.A. LA BALANGUERA"]

1. e4 c5 2. b3 Nc6 3. Bb2 e6 4. Bb5 d5 5. exd5 exd5 6. Bxc6+ bxc6 7. d3 Nf6 8.
Ne2 Bd6 9. Nd2 Bg4 10. h3 Bf5 11. Nf3 Rb8 12. Qd2 h6 13. O-O-O a5 14. a4 d4 15.
Rde1 Kf8 16. g4 Be6 17. Nf4 Bxb3 18. cxb3 Qb6 19. Ne5 Qxb3 20. Qc2 Qa2 21. Nh5
Rb3 22. Bxd4 Qxa4 23. Bxc5 Bxc5 24. Qxc5+ Kg8 25. Nxf6+ gxf6 26. Nd7 Kg7 27.
Qd6 Qa1+ 28. Kd2 Qc3+ 29. Ke3 Re8+ 30. Kf4 Qd2+ 31. Re3 Qxf2+ 32. Rf3 Qg2 33.
Qxf6+ Kg8 34. Ne5 Rb4+ 35. Kf5 Rb7 36. Rhf1 Qe2 37. R1f2 Qe1 38. Rf1 Qc3 39.
Kf4 Qd4+ 40. Kg3 Qxe5+ 41. Qxe5 Rxe5 42. Rf6 c5 43. Kf4 Rd5 44. Rf3 Kg7 45. Ra6
Rd4+ 46. Ke3 a4 47. Ra5 Rb3 48. Kd2 c4 49. Rxa4 Rdxd3+ 50. Rxd3 Rxd3+ 51. Ke2
Rc3 52. h4 Rc1 53. Kd2 Rh1 54. h5 Rh2+ 55. Kc3 Kf6 56. Ra5 Rg2 57. Kxc4 Rxg4+
58. Kd3 Rg5 59. Ra6+ Kg7 60. Ke4 Rxh5 61. Kf4 Rg5 62. Rb6 Rg6 63. Rb5 Rg1 64.
Ra5 Kg6 65. Kf3 h5 66. Kf4 Rb1 67. Ra6+ f6 0-1